|
|
|
|
| LEADER |
01705nam a2200385 aa4500 |
| 001 |
000946191 |
| 003 |
CZ BrMZK |
| 005 |
20110504142933.0 |
| 007 |
ta |
| 008 |
090612m20039999xxkaf g p 000 0 eng |
| 020 |
|
|
|a 0-521-75444-5
|q (student's book with answers :
|q brož.)
|
| 040 |
|
|
|a BOA001
|b cze
|
| 072 |
|
7 |
|a 811.111
|x Angličtina
|2 Konspekt
|9 11
|
| 072 |
|
7 |
|a 37.016
|x Učební osnovy. Vyučovací předměty. Učebnice
|2 Konspekt
|9 22
|
| 080 |
|
|
|a 811.111
|2 MRF
|
| 080 |
|
|
|a 81'24:371.27
|2 MRF
|
| 080 |
|
|
|a (075)
|2 MRF
|
| 245 |
0 |
0 |
|a Cambridge first certificate in English 6 with answers :
|b examination papers from University of Cambridge ESOL examinations: English for speakers of other languages
|
| 246 |
1 |
4 |
|a Certificate in advanced English 6 with answers
|
| 246 |
3 |
0 |
|a Cambridge certificate in advanced English 6 with answers
|
| 250 |
|
|
|a 1st publ.
|
| 260 |
|
|
|a Cambridge :
|b Cambridge University Press,
|c 2003-
|
| 300 |
|
|
|a ^^^sv. :
|b barev. il. ;
|c 24 cm
|
| 490 |
1 |
|
|a Cambridge books for Cambridge exams
|
| 505 |
1 |
|
|a student's book. 2003. ix, 161 s., 16 s. barev. obr. příl.
|
| 650 |
0 |
7 |
|a angličtina
|7 ph114056
|2 czenas
|
| 650 |
0 |
7 |
|a jazykové zkoušky
|7 ph466388
|2 czenas
|
| 655 |
|
7 |
|a učebnice
|7 fd133770
|2 czenas
|
| 710 |
2 |
|
|a University of Cambridge.
|b ESOL Examinations
|7 xx0073568
|
| 830 |
|
0 |
|a Cambridge books for Cambridge exams
|
| 910 |
2 |
|
|a BOA001
|b 3-1222.933
|s student's book-
|
| 990 |
|
|
|a BK
|
| 991 |
|
|
|b 200907
|
| 996 |
7 |
|
|b 2610380848
|c 2-1222.933
|d 1, student's book
|v 1
|l MZK
|r Sklad / do 1 hodiny
|n 8
|p dar
|w 000946191
|u 000010
|a 1
|e BOA001
|j MZK50
|s A
|
| 996 |
7 |
|
|b 2610380849
|c 2-1222.933
|d 1, student's book
|v 1
|l MZK
|r Sklad / do 1 hodiny
|n 5
|p dar
|w 000946191
|u 000020
|a 1
|e BOA001
|j MZK50
|s A
|